00710naa a22001331i 4500003000900000005001700009008004100026035001700067040003700084041000800121100013000129245017400259773014300433KOSZ 00520171206143330.0160308s2011 pl |||f| ||||0|| ||eng d aPBN-R:246555 cKOSZ 005/mdaPBN-IDdKOSZ 005/ac0 aeng1 aSŁOWIK, Adam.d2005 - .bPolitechnika Koszalińska - Wydział Elektroniki i Informatyki,cKatedra Inżynierii Komputerowej10aApplication of evolutionary algorithm to design of minimal phase digital filters with non-standard amplitude characteristics and finite bits word length /cAdam Słowik.0 iW :tBulletin of the Polish Academy of Sciences-Technical Sciences. -x0239-7528dPolish Acad Sciences DIV IVg2011, nr 59(2), s. 125-135.